| 000 | 00477nam a2200169Ia 4500 | ||
|---|---|---|---|
| 003 | IN-BaIIA | ||
| 008 | 211028s9999 xx 000 0 eng d | ||
| 020 | _a0-201-45564-1 | ||
| 040 | _cIIA Library | ||
| 080 |
_a530.145 _bSAK |
||
| 100 |
_aSakurai, J. J. _919161 |
||
| 245 | 0 |
_aModern quantum mechanics _cJ. J. Sakurai |
|
| 260 |
_aUSA _bAddison-Wesley _c1994 |
||
| 300 | _ax, 500p. | ||
| 650 | _aquantum mechanics | ||
| 942 | _cBK | ||
| 999 |
_c13287 _d13287 |
||